Petit Quiz sur Monaco - Statistiques

Statistiques générales
  • Ce quiz a été pris 64 fois
  • Le résultat moyen est 8 sur 10
Statistiques - réponses
Question Réponse % Correct
Combien d'états indépendants sont aujourd'hui plus petits que Monaco ? 1
100%
Quelle est la superficie en Km² de Monaco actuellement ? 2.02 km2
100%
Combien y avait-il de quartiers avant 1966 ? 4
100%
Quels sont les pays qui ont une frontière avec Monaco ? France
100%
Comment le territoire de Monaco a-t-il évolué ces dernières années ? de grands travaux ont permis à Monaco de s'étendre d'environ 40 hectares, principalement gagnés sur la mer grâce à des remblais
67%
Lequel de ces noms est un quartier de Monaco ? La Condamine
67%
Lequel de ces noms n'est pas un quartier de Monaco ? La Rouge
67%
Un nouveau quartier est en construction ; comment s'appelle-t-il ? Le Portier
67%
Un nouveau quartier est en construction ; où se trouve-t-il ? Sur l'eau
67%
Combien de quartiers y a-t-il eu après 1966 ? 9
33%
Aucun quiz correspondant
Distribution des résultats
% des personnes avec chaque résultat
Percentile par nombre de réponses
Votre historique - résultats
Vous n’avez pas pris ce quiz